Bars de Lorient - Statistiques

Statistiques générales
  • Ce quiz a été pris 69 fois
  • Le résultat moyen est 7 sur 15
Statistiques - réponses
Réponse % Correct
Delirium
89%
Westport
74%
Australia
72%
Shamrock
70%
India
49%
67 cafe
45%
Le Maestro
45%
Tavarn
45%
Benbow
42%
Factory
42%
Le Monroe
42%
Backstage
32%
Ma target
30%
Papy joe
26%
Galway Inn
9%
Aucun quiz correspondant
Distribution des résultats
% des personnes avec chaque résultat
Percentile par nombre de réponses
Votre historique - résultats
Vous n’avez pas pris ce quiz